00983nam a2200205Ia 450000500170000000800410001702000150005805000190007310000320009224500500012425000190017426000330019330000240022633600100025033700140026033800120027450400480028650504170033465000260075120231102151242.0120720t19981960mx |||frp||| 001 0 spa d a9700709043 aKV20bS46 1998 aSepúlveda, Césareautor aDerecho Internacionalc / César Sepúlveda a20a. edición aMéxicob: Porrúac, 1998 axxiv, 746 páginas atexto asin medio avolumen aIncluye: índice analítico (pp. 739-746) aConceptos, fundamentos y doctrina del derecho internacional público El derecho general internacional La organización de la comunidad internacional El arreglo pacifico de las diferencias entre los estados La ordenación juridica de la economía internacional Los nuevos desarrollos del derecho del mar Los sujetos del moderno derecho internacional El derecho internacional de los derechos humanos Suplemento14aDERECHO INTERNACIONAL